Modern social work theory / (Record no. 600190)

000 -LEADER
fixed length control field 00279nam a2200109Ia 4500
008 - FIXED-LENGTH DATA ELEMENTS--GENERAL INFORMATION
fixed length control field 230907s9999||||xx |||||||||||||| ||und||
082 ## - DEWEY DECIMAL CLASSIFICATION NUMBER
Classification number 361.301
Author Mark PAY
245 #0 - TITLE STATEMENT
Title Modern social work theory /
260 ## - PUBLICATION, DISTRIBUTION, ETC.
Place of publication, distribution, etc. Palgrave MacMillan,
Name of publisher, distributor, etc. Hsmphirr :
Date of publication, distribution, etc. 2005
300 ## - PHYSICAL DESCRIPTION
Extent 366 p.
942 ## - ADDED ENTRY ELEMENTS (KOHA)
Koha item type Book
Holdings
Withdrawn status Lost status Damaged status Not for loan Permanent Location Current Location Date acquired Total Checkouts Full call number Barcode Date last seen Price effective from Koha item type
        US-Pakistan Center for Advanced Studies in Energy (USPCAS-E) US-Pakistan Center for Advanced Studies in Energy (USPCAS-E) 09/26/2019   361.301 PAY CAS-E0004289 09/12/2023 09/12/2023 Book
© 2023 Central Library, National University of Sciences and Technology. All Rights Reserved.